[Event "11th Dolomiti Open 2020"]
[Site "Forni di Sopra"]
[Date "2020.10.02"]
[Round "8.5"]
[White "Bonade, Massimo"]
[Black "Bellia, Fabrizio"]
[Result "0-1"]
[WhiteElo "2160"]
[BlackElo "2421"]
[Annotator "ChessBase"]
[PlyCount "98"]
[EventDate "2020.09.26"]
[EventType "swiss"]
[EventCountry "ITA"]
[SourceTitle "playchess.com"]
[Source "ChessBase"]
[SourceQuality "1"]
[TimeControl "40/5400+30:1800+30"]

1. e4 {[%emt 0:00:00]} e5 {[%emt 0:00:00]} 2. Nc3 {[%emt 0:00:00]} Nf6 {[%emt 0:00:00]} 3. Bc4 {[%emt 0:00:00]} Nc6 {[%emt 0:00:03]} 4. d3 {[%emt 0:00:03]} Na5 {[%emt 0:00:19]} 5. Nge2 {[%emt 0:00:10]} c6 {[%emt 0:00:49]} 6. a4 {[%emt 0:00:14]} Nxc4 {[%emt 0:00:06]} 7. dxc4 {[%emt 0:00:05]} d6 {[%emt 0:00:27]} 8. O-O {[%emt 0:02:20]} Be7 {[%emt 0:00:29]} 9. Qd3 {[%emt 1:31:38]} O-O {[%emt 0:01:46]} 10. b3 {[%emt 0:00:26]} Be6 {[%emt 0:00:53]} 11. Ba3 {[%emt 0:01:18]} Qc7 {[%emt 0:02:16]} 12. Rad1 {[%emt 1:30:08]} Rad8 {[%emt 0:01:08]} 13. Qe3 {[%emt 0:13:26]} Ng4 {[%emt 0:05:35]} 14. Qc1 {[%emt 0:06:41]} f5 {[%emt 1:23:09]} 15. h3 {[%emt 0:00:34]} Nh6 {[%emt 0:11:14]} 16. f3 {[%emt 0:04:54]} f4 {[%emt 0:03:05]} 17. Rd3 {[%emt 0:07:33]} Rf6 {[%emt 0:03:58]} 18. Rfd1 {[%emt 0:03:32]} Nf7 {[%emt 0:04:42]} 19. Kf1 {[%emt 0:01:02]} Rg6 {[%emt 0:57:03]} 20. Ng1 {[%emt 0:02:12]} Qb6 {[%emt 0:04:59]} 21. Qd2 {[%emt 0:02:58]} Bh4 {[%emt 0:01:21]} 22. Qe2 {[%emt 0:07:50]} Bc8 {[%emt 0:08:41]} 23. R1d2 {[%emt 0:02:44]} h6 {[%emt 0:01:35]} 24. Nd1 {[%emt 0:02:53]} Kh7 {[%emt 0:04:28]} 25. Nb2 {[%emt 0:01:53]} c5 {[%emt 0:02:51]} 26. Nd1 {[%emt 0:00:39]} Qc7 {[%emt 0:00:12]} 27. Nc3 {[%emt 0:04:57]} Qe7 {[%emt 0:00:05]} 28. Nd5 {[%emt 0:04:08]} Qg5 {[%emt 0:00:05]} 29. b4 {[%emt 0:01:13]} cxb4 {[%emt 0:00:21]} 30. Bxb4 {[%emt 0:23:27]} b6 {[%emt 0:05:40]} 31. a5 {[%emt 0:00:16]} Ba6 {[%emt 0:07:40]} 32. Rc3 {[%emt 0:05:25]} Rc8 {[%emt 0:02:33]} 33. axb6 {[%emt 0:00:40]} axb6 {[%emt 0:00:08]} 34. Nxb6 {[%emt 0:00:48]} Rb8 {[%emt 0:00:43]} 35. Nd5 {[%emt 0:00:22]} Qg3 {[%emt 0:00:20]} 36. Rd1 {[%emt 0:05:11]} Rc8 {[%emt 0:01:21]} 37. Nb6 {[%emt 0:02:17]} Rc6 {[%emt 0:00:08]} 38. Ba5 {[%emt 0:03:10]} Nd8 {[%emt 0:00:57]} 39. Rd5 {[%emt 0:08:10]} Nb7 {[%emt 0:02:56]} 40. Nd7 {[%emt 0:02:00]} Kg8 {[%emt 0:02:51]} 41. Rb5 {[%emt 0:11:11]} Nxa5 {[%emt 0:40:42]} 42. Rxa5 {[%emt 0:00:33]} Re6 {[%emt 0:01:14]} 43. Ra4 {[%emt 0:04:34]} Re8 {[%emt 0:00:36]} 44. Rb3 {[%emt 0:02:04]} d5 {[%emt 0:03:08]} 45. Nb6 {[%emt 0:05:50]} dxc4 {[%emt 0:00:37]} 46. Rb1 {[%emt 0:01:45]} Bc8 {[%emt 0:11:04]} 47. Nxc4 {[%emt 0:00:23]} Ba6 {[%emt 0:02:28]} 48. Rba1 {[%emt 0:05:03]} Ree6 {[%emt 0:00:37]} 49. Rb4 {[%emt 0:01:36]} Bxc4 {[%emt 0:01:13]} 0-1

[Event "11th Dolomiti Open 2020"]
[Site "Forni di Sopra"]
[Date "2020.10.02"]
[Round "8.6"]
[White "Barp, Alberto"]
[Black "Simonetto, Andrea"]
[Result "1/2-1/2"]
[WhiteElo "2377"]
[BlackElo "2195"]
[Annotator "ChessBase"]
[PlyCount "68"]
[EventDate "2020.09.26"]
[EventType "swiss"]
[EventCountry "ITA"]
[SourceTitle "playchess.com"]
[Source "ChessBase"]
[SourceQuality "1"]
[TimeControl "40/5400+30:1800+30"]

1. d4 {[%emt 0:00:00]} Nf6 {[%emt 0:00:00]} 2. c4 {[%emt 0:00:00]} b6 {[%emt 0:00:00]} 3. f3 {[%emt 0:01:36]} Nc6 {[%emt 0:01:28]} 4. Nc3 {[%emt 0:01:03]} e5 {[%emt 0:00:22]} 5. d5 {[%emt 0:00:04]} Ne7 {[%emt 0:00:06]} 6. e4 {[%emt 0:00:16]} Ng6 {[%emt 0:00:44]} 7. Nge2 {[%emt 0:01:33]} Nh5 {[%emt 0:12:51]} 8. g3 {[%emt 0:10:35]} Bc5 {[%emt 0:03:02]} 9. a3 {[%emt 0:04:32]} a5 {[%emt 0:02:24]} 10. Na4 {[%emt 0:07:03]} Be7 {[%emt 0:01:20]} 11. Be3 {[%emt 0:00:17]} Ba6 {[%emt 0:05:22]} 12. Nec3 {[%emt 0:04:58]} d6 {[%emt 0:09:09]} 13. Bf2 {[%emt 0:09:14]} Nf6 {[%emt 0:02:23]} 14. h4 {[%emt 0:00:11]} Nd7 {[%emt 0:03:16]} 15. b4 {[%emt 0:06:24]} h5 {[%emt 0:03:20]} 16. Bd3 {[%emt 0:06:32]} Ngf8 {[%emt 0:02:48]} 17. Qd2 {[%emt 0:06:43]} g5 {[%emt 0:01:54]} 18. hxg5 {[%emt 0:04:55]} Bxg5 {[%emt 0:00:17]} 19. Be3 {[%emt 0:01:27]} Bxe3 {[%emt 0:01:34]} 20. Qxe3 {[%emt 0:00:45]} Ng6 {[%emt 0:00:06]} 21. bxa5 {[%emt 0:04:06]} bxa5 {[%emt 0:01:47]} 22. O-O-O {[%emt 0:06:45]} h4 {[%emt 0:11:18]} 23. gxh4 {[%emt 0:03:36]} Rxh4 {[%emt 0:00:14]} 24. Nb5 {[%emt 0:01:15]} Bxb5 {[%emt 0:03:57]} 25. cxb5 {[%emt 0:00:02]} Qf6 {[%emt 0:07:45]} 26. Rxh4 {[%emt 0:04:08]} Nxh4 {[%emt 0:02:04]} 27. Be2 {[%emt 0:02:18]} Qf4 {[%emt 0:00:30]} 28. Qxf4 {[%emt 0:00:28]} exf4 {[%emt 0:00:01]} 29. Kd2 {[%emt 0:00:35]} O-O-O {[%emt 0:05:12]} 30. Rh1 {[%emt 0:03:25]} Ng6 {[%emt 0:01:02]} 31. Rh7 {[%emt 0:07:09]} Nge5 {[%emt 0:00:50]} 32. Rh4 {[%emt 0:00:37]} Ng6 {[%emt 0:00:11]} 33. Rh7 {[%emt 0:00:02]} Nge5 {[%emt 0:00:02]} 34. Rh4 {[%emt 0:01:45]} Ng6 {[%emt 0:00:12]} 1/2-1/2

[Event "11th Dolomiti Open 2020"]
[Site "Forni di Sopra"]
[Date "2020.10.02"]
[Round "8.7"]
[White "Andolfatto, Maria"]
[Black "Tencati, Giuseppe"]
[Result "0-1"]
[WhiteElo "2002"]
[BlackElo "2095"]
[Annotator "ChessBase"]
[PlyCount "150"]
[EventDate "2020.09.26"]
[EventType "swiss"]
[EventCountry "ITA"]
[SourceTitle "playchess.com"]
[Source "ChessBase"]
[SourceQuality "1"]
[TimeControl "40/5400+30:1800+30"]

1. Nf3 {[%emt 0:00:00]} d5 {[%emt 0:00:00]} 2. c4 {[%emt 0:00:00]} c6 {[%emt 1:31:00]} 3. d4 {[%emt 0:00:00]} Nf6 {[%emt 1:31:26]} 4. e3 {[%emt 0:00:18]} Bf5 {[%emt 0:03:15]} 5. Nc3 {[%emt 0:02:27]} e6 {[%emt 0:00:28]} 6. Be2 {[%emt 0:01:21]} Nbd7 {[%emt 0:00:55]} 7. O-O {[%emt 0:00:46]} Bd6 {[%emt 0:02:27]} 8. b3 {[%emt 0:02:24]} h6 {[%emt 0:01:46]} 9. Bb2 {[%emt 0:01:19]} O-O {[%emt 0:00:19]} 10. Nd2 {[%emt 0:10:22]} Ne4 {[%emt 0:28:58]} 11. Bf3 {[%emt 0:19:36]} Ng5 {[%emt 0:03:30]} 12. Bg4 {[%emt 0:04:59]} Qf6 {[%emt 0:06:51]} 13. Bxf5 {[%emt 0:07:13]} Qxf5 {[%emt 0:00:14]} 14. Qe2 {[%emt 0:01:08]} Nf6 {[%emt 0:05:42]} 15. Rae1 {[%emt 0:09:23]} Qg6 {[%emt 0:42:24]} 16. f4 {[%emt 0:05:11]} Nge4 {[%emt 0:01:18]} 17. Ndxe4 {[%emt 0:06:50]} Nxe4 {[%emt 0:00:12]} 18. f5 {[%emt 0:03:32]} Nxc3 {[%emt 0:01:03]} 19. Bxc3 {[%emt 0:00:18]} exf5 {[%emt 0:00:36]} 20. Qf3 {[%emt 0:00:32]} dxc4 {[%emt 0:01:04]} 21. bxc4 {[%emt 0:00:25]} Rae8 {[%emt 0:01:46]} 22. c5 {[%emt 0:07:21]} Bb8 {[%emt 0:06:48]} 23. d5 {[%emt 0:00:32]} cxd5 {[%emt 0:01:29]} 24. Qxd5 {[%emt 0:00:08]} f4 {[%emt 0:06:27]} 25. exf4 {[%emt 0:01:34]} Rxe1 {[%emt 0:03:53]} 26. Bxe1 {[%emt 0:01:23]} b6 {[%emt 0:07:47]} 27. cxb6 {[%emt 0:02:45]} Qxb6+ {[%emt 0:00:21]} 28. Bf2 {[%emt 0:00:40]} Rd8 {[%emt 0:03:15]} 29. Bxb6 {[%emt 0:04:21]} Rxd5 {[%emt 0:00:07]} 30. Be3 {[%emt 0:00:22]} Rd3 {[%emt 0:13:30]} 31. Re1 {[%emt 0:00:45]} Ra3 {[%emt 0:01:00]} 32. Re2 {[%emt 0:02:26]} Ra4 {[%emt 0:11:54]} 33. g3 {[%emt 0:00:59]} Bd6 {[%emt 0:05:03]} 34. Rd2 {[%emt 0:01:26]} Bc7 {[%emt 0:02:57]} 35. Kf2 {[%emt 0:01:32]} Ba5 {[%emt 0:00:52]} 36. Rb2 {[%emt 0:01:15]} Bc3 {[%emt 0:00:34]} 37. Rc2 {[%emt 0:00:36]} Ba1 {[%emt 0:00:18]} 38. Rd2 {[%emt 0:01:15]} a5 {[%emt 0:04:52]} 39. Rc2 {[%emt 0:01:16]} f5 {[%emt 0:01:16]} 40. Bc5 {[%emt 0:00:45]} Kf7 {[%emt 0:01:16]} 41. h3 {[%emt 0:07:43]} Ke6 {[%emt 0:00:13]} 42. Kf3 {[%emt 0:01:14]} h5 {[%emt 0:00:49]} 43. g4 {[%emt 0:01:20]} g6 {[%emt 0:00:31]} 44. gxh5 {[%emt 0:08:20]} gxh5 {[%emt 0:00:13]} 45. Rd2 {[%emt 0:01:36]} Bf6 {[%emt 0:03:23]} 46. Rd6+ {[%emt 0:04:15]} Kf7 {[%emt 0:00:09]} 47. Rd2 {[%emt 0:02:20]} Rc4 {[%emt 0:00:34]} 48. Be3 {[%emt 0:00:51]} a4 {[%emt 0:01:17]} 49. Rd3 {[%emt 0:02:38]} Be7 {[%emt 0:00:30]} 50. Rd4 {[%emt 0:01:26]} Rxd4 {[%emt 0:00:10]} 51. Bxd4 {[%emt 0:00:03]} Ke6 {[%emt 0:00:07]} 52. Ke3 {[%emt 0:00:38]} Bd6 {[%emt 0:00:10]} 53. Kf3 {[%emt 0:03:58]} Kd5 {[%emt 0:00:09]} 54. Bf6 {[%emt 0:00:03]} Bb4 {[%emt 0:02:08]} 55. Ke3 {[%emt 0:01:02]} Kc4 {[%emt 0:01:01]} 56. Ke2 {[%emt 0:00:33]} Bc3 {[%emt 0:02:04]} 57. Be7 {[%emt 0:00:23]} Bb2 {[%emt 0:03:05]} 58. Kf3 {[%emt 0:00:36]} Bc3 {[%emt 0:01:21]} 59. Ke2 {[%emt 0:00:08]} Ba5 {[%emt 0:01:26]} 60. Ke3 {[%emt 0:00:33]} Kc3 {[%emt 0:00:28]} 61. Bf6+ {[%emt 0:00:50]} Kc2 {[%emt 0:00:18]} 62. Be7 {[%emt 0:00:29]} Bc3 {[%emt 0:00:36]} 63. Ba3 {[%emt 0:00:32]} Bd2+ {[%emt 0:00:41]} 64. Kf3 {[%emt 0:00:23]} Kb1 {[%emt 0:00:06]} 65. Bd6 {[%emt 0:00:36]} Kxa2 {[%emt 0:00:10]} 66. Ke2 {[%emt 0:00:09]} Bc1 {[%emt 0:00:55]} 67. Kd3 {[%emt 0:00:44]} Kb3 {[%emt 0:00:40]} 68. Kd4 {[%emt 0:00:21]} Bb2+ {[%emt 0:03:03]} 69. Kd5 {[%emt 0:00:33]} Ba3 {[%emt 0:20:54]} 70. Be5 {[%emt 0:00:18]} Bb4 {[%emt 0:00:12]} 71. Ke6 {[%emt 0:00:16]} a3 {[%emt 0:00:05]} 72. Kxf5 {[%emt 0:00:28]} a2 {[%emt 0:00:18]} 73. Kg5 {[%emt 0:00:51]} Bc3 {[%emt 0:00:07]} 74. Bxc3 {[%emt 0:00:08]} Kxc3 {[%emt 0:00:07]} 75. Kxh5 {[%emt 0:00:30]} a1=Q {[%emt 0:00:10]} 0-1

[Event "11th Dolomiti Open 2020"]
[Site "Forni di Sopra"]
[Date "2020.10.02"]
[Round "8.8"]
[White "Fecker, Noah"]
[Black "Marchesich, Giovanni"]
[Result "1/2-1/2"]
[WhiteElo "2345"]
[BlackElo "2063"]
[Annotator "ChessBase"]
[PlyCount "27"]
[EventDate "2020.09.26"]
[EventType "swiss"]
[EventCountry "ITA"]
[SourceTitle "playchess.com"]
[Source "ChessBase"]
[SourceQuality "1"]
[TimeControl "40/5400+30:1800+30"]

1. e4 {[%emt 0:00:00]} e5 {[%emt 0:00:00]} 2. Nf3 {[%emt 0:00:00]} Nc6 {[%emt 0:00:03]} 3. Bb5 {[%emt 0:00:00]} a6 {[%emt 0:00:22]} 4. Ba4 {[%emt 0:00:00]} d6 {[%emt 0:00:21]} 5. O-O {[%emt 0:00:02]} Bg4 {[%emt 0:00:31]} 6. h3 {[%emt 0:00:13]} h5 {[%emt 0:00:16]} 7. d4 {[%emt 0:01:23]} b5 {[%emt 0:00:39]} 8. Bb3 {[%emt 0:01:22]} Nxd4 {[%emt 0:00:33]} 9. hxg4 {[%emt 0:02:02]} Nxb3 {[%emt 0:01:06]} 10. axb3 {[%emt 0:01:21]} hxg4 {[%emt 0:00:22]} 11. Ng5 {[%emt 0:00:48]} Qd7 {[%emt 0:01:04]} 12. Nc3 {[%emt 0:08:03]} c6 {[%emt 0:03:44]} 13. Ne2 {[%emt 0:19:49]} f6 {[%emt 0:03:52]} 14. Ng3 {[%emt 1:01:57]} 1/2-1/2

[Event "11th Dolomiti Open 2020"]
[Site "Forni di Sopra"]
[Date "2020.10.02"]
[Round "8.9"]
[White "Bisignano, Giuseppe"]
[Black "Gasperi, Fosco"]
[Result "1-0"]
[WhiteElo "1818"]
[BlackElo "1802"]
[Annotator "NA"]
[PlyCount "35"]
[EventDate "2020.09.26"]
[EventType "swiss"]
[EventCountry "ITA"]
[SourceTitle "playchess.com"]
[Source "ChessBase"]
[SourceQuality "1"]
[TimeControl "40/5400+30:1800+30"]

1. e4 {[%emt 0:01:44]} c6 {[%emt 0:00:00]} 2. Nf3 {[%emt 0:00:18]} d5 {[%emt 0:00:19]} 3. exd5 {[%emt 0:00:10]} cxd5 {[%emt 0:00:20]} 4. d4 {[%emt 0:00:11]} Nc6 {[%emt 0:01:50]} 5. Nc3 {[%emt 0:00:44]} Bg4 {[%emt 0:04:04]} 6. Be2 {[%emt 0:02:57]} e6 {[%emt 0:01:37]} 7. O-O {[%emt 0:01:20]} Nf6 {[%emt 0:01:10]} 8. h3 {[%emt 0:02:11]} Bh5 {[%emt 0:01:05]} 9. Bg5 {[%emt 0:02:23]} Be7 {[%emt 0:04:50]} 10. Re1 {[%emt 0:00:53]} O-O {[%emt 0:02:58]} 11. Ne5 {[%emt 0:03:00]} Bxe2 {[%emt 0:08:06]} 12. Rxe2 {[%emt 0:00:18]} Rc8 {[%emt 0:02:07]} 13. Re3 {[%emt 0:07:06]} Re8 {[%emt 0:04:24]} 14. f4 {[%emt 0:05:55]} Nxd4 {[%emt 0:03:05]} 15. Bxf6 {[%emt 0:00:34]} gxf6 {[%emt 0:14:05]} 16. Rg3+ {[%emt 0:02:11]} Kf8 {[%emt 0:02:43]} 17. Qh5 {[%emt 0:00:32]} Ne2+ {[%emt 0:02:28]} 18. Kh2 {[%emt 0:01:04]} 1-0

[Event "11th Dolomiti Open 2020"]
[Site "Forni di Sopra"]
[Date "2020.10.03"]
[Round "9.1"]
[White "Valsecchi, Alessio"]
[Black "Bellia, Fabrizio"]
[Result "1/2-1/2"]
[WhiteElo "2491"]
[BlackElo "2421"]
[Annotator "ChessBase"]
[PlyCount "22"]
[EventDate "2020.09.26"]
[EventType "swiss"]
[EventCountry "ITA"]
[SourceTitle "playchess.com"]
[Source "ChessBase"]
[SourceQuality "1"]
[TimeControl "40/5400+30:1800+30"]

1. e4 {[%emt 0:00:00]} e5 {[%emt 0:00:00]} 2. Nf3 {[%emt 0:00:00]} Nc6 {[%emt 0:00:00]} 3. Bb5 {[%emt 0:00:00]} a6 {[%emt 0:00:00]} 4. Ba4 {[%emt 0:00:00]} Nf6 {[%emt 0:00:00]} 5. O-O {[%emt 0:00:05]} Be7 {[%emt 0:00:00]} 6. Re1 {[%emt 0:00:11]} b5 {[%emt 0:00:00]} 7. Bb3 {[%emt 0:00:06]} d6 {[%emt 0:00:00]} 8. c3 {[%emt 0:00:08]} O-O {[%emt 0:00:02]} 9. h3 {[%emt 0:00:05]} Na5 {[%emt 0:00:04]} 10. Bc2 {[%emt 0:00:06]} c5 {[%emt 0:00:05]} 11. d4 {[%emt 0:00:11]} Qc7 {[%emt 0:00:06]} 1/2-1/2

[Event "11th Dolomiti Open 2020"]
[Site "Forni di Sopra"]
[Date "2020.10.03"]
[Round "9.2"]
[White "Basso, Pier Luigi"]
[Black "Heberla, Bartlomiej"]
[Result "1-0"]
[WhiteElo "2603"]
[BlackElo "2566"]
[Annotator "TA"]
[PlyCount "61"]
[EventDate "2020.09.26"]
[EventType "swiss"]
[EventCountry "ITA"]
[SourceTitle "playchess.com"]
[Source "ChessBase"]
[SourceQuality "1"]

{[%evp 9,61,9,23,13,6,-17,2,-48,25,17,33,18,61,43,92,81,121,131,292,295,287,295,295,224,378,358,776,777,1203,709,692,660,656,354,706,697,931,893,797,797,712,698,12798,5629,12840,1027,1265,1272,1226,1204,1129,950,12838,12839]} 1. d4 d5 2. c4 e6 3. Nf3 Nf6 4. Nc3 Be7 5. Bf4 O-O 6. a3 {D37: Queen's Gambit Declined: 5 Bf4.} b6 7. Qc2 {now supersedes 7.e3.} Bb7 8. Rd1 {The position is equal.} c5 (8... dxc4 $15 9. e3 Ba6) 9. cxd5 $11 exd5 10. g3 c4 11. Bg2 a6 12. Ng5 h6 {[#]} 13. h4 $1 {[#]} hxg5 $146 {A mistake that costs the game.} (13... b5 $16) ({Predecessor:} 13... b5 14. Be5 g6 15. h5 Nxh5 16. Ne6 Qd7 17. Nxf8 Bxf8 18. g4 Ng7 19. Rxh6 Qxg4 20. Nxd5 {1-0 (36) Dreev,A (2662)-Neverov,V (2496) Skopje 2019}) 14. hxg5 $18 g6 15. gxf6 Bxf6 16. Be5 $40 {[%mdl 128] White goes for the king.} Nd7 $2 (16... Bg7 17. f4 (17. Bxg7 Kxg7 18. Qd2 Rh8 $16) 17... Re8) 17. Nxd5 Bxe5 $2 (17... Nxe5 18. Nxf6+ {[%mdl 64] Discovered Attack} (18. dxe5 Bxe5 19. Nf4 Qc7 $16) 18... Qxf6 19. Bxb7 Nd3+ {[%mdl 64] Discovered Attack} 20. exd3 Qe7+ 21. Be4 cxd3) 18. dxe5 Nxe5 19. Qc3 f6 20. Qe3 {[#] Qh6 is the strong threat.} Rf7 21. Be4 Rb8 $2 (21... Rd7) 22. g4 {White is clearly winning.} Rh7 23. Rxh7 Kxh7 24. g5 fxg5 25. f4 gxf4 26. Qxf4 Nd3+ 27. exd3 (27. Rxd3 $142 cxd3 28. Qf7+ {[%mdl 64] Double Attack} Kh8 29. Nf6 Qxf6 {[%mdl 64] Remove Defender} 30. Qxf6+ Kg8 31. Qxg6+ Kf8 32. Qd6+ Kg7 33. Qxb8 d2+ 34. Kxd2 Bxe4 35. Qe5+ {[%mdl 64] Double Attack} Kf7 36. Qxe4) 27... Bxd5 28. dxc4 Qe7 29. Rxd5 {Rh5+ would kill now.} ({And not} 29. Qxb8 Qxe4+ 30. Kd2 Qd4+ 31. Kc1 Qxc4+ 32. Kd2 Qd4+ 33. Kc1 Qc4+ 34. Kd2 Qd4+ 35. Kc1 Qc4+ $11) 29... Re8 30. Rd4 Rf8 31. Qg4 {Accuracy: White = 72%, Black = 27%.} 1-0

[Event "11th Dolomiti Open 2020"]
[Site "Forni di Sopra"]
[Date "2020.10.03"]
[Round "9.3"]
[White "Moroni, Luca Jr"]
[Black "Seresin, Francesco"]
[Result "1/2-1/2"]
[WhiteElo "2530"]
[BlackElo "2371"]
[Annotator "ChessBase"]
[PlyCount "60"]
[EventDate "2020.09.26"]
[EventType "swiss"]
[EventCountry "ITA"]
[SourceTitle "playchess.com"]
[Source "ChessBase"]
[SourceQuality "1"]
[TimeControl "40/5400+30:1800+30"]

1. d4 {[%emt 0:00:00]} Nf6 {[%emt 0:02:41]} 2. Bf4 {[%emt 0:00:00]} g6 {[%emt 0:01:58]} 3. Nc3 {[%emt 0:00:00]} d5 {[%emt 0:00:09]} 4. e3 {[%emt 0:00:00]} Bg7 {[%emt 0:02:28]} 5. Nb5 {[%emt 0:00:02]} Na6 {[%emt 0:01:27]} 6. h3 {[%emt 0:00:12]} O-O {[%emt 0:02:47]} 7. Nf3 {[%emt 0:00:33]} c6 {[%emt 0:03:34]} 8. Nc3 {[%emt 0:00:17]} Nc7 {[%emt 0:00:14]} 9. Bd3 {[%emt 0:01:17]} Ne6 {[%emt 0:05:17]} 10. Be5 {[%emt 0:00:28]} Nd7 {[%emt 0:07:32]} 11. Bxg7 {[%emt 0:01:32]} Kxg7 {[%emt 0:00:23]} 12. Qd2 {[%emt 0:02:19]} Nf6 {[%emt 0:06:34]} 13. g4 {[%emt 0:03:25]} h6 {[%emt 0:08:52]} 14. O-O-O {[%emt 0:04:59]} b5 {[%emt 0:05:40]} 15. Ne2 {[%emt 0:05:15]} c5 {[%emt 0:06:22]} 16. dxc5 {[%emt 0:06:09]} Nxc5 {[%emt 0:02:04]} 17. Rhg1 {[%emt 0:03:30]} Qb6 {[%emt 0:03:08]} 18. Kb1 {[%emt 0:05:29]} b4 {[%emt 0:04:41]} 19. g5 {[%emt 0:04:37]} hxg5 {[%emt 0:01:16]} 20. Nxg5 {[%emt 0:00:09]} e5 {[%emt 0:06:58]} 21. Ng3 {[%emt 0:00:48]} Rh8 {[%emt 0:00:51]} 22. f4 {[%emt 0:04:26]} Nxd3 {[%emt 0:05:15]} 23. Qxd3 {[%emt 0:01:34]} Ba6 {[%emt 0:04:34]} 24. Qd2 {[%emt 0:01:48]} exf4 {[%emt 0:01:39]} 25. exf4 {[%emt 0:01:15]} Rae8 {[%emt 0:00:31]} 26. h4 {[%emt 0:06:34]} Bc8 {[%emt 0:03:49]} 27. f5 {[%emt 0:05:34]} Rxh4 {[%emt 0:03:39]} 28. Nf3 {[%emt 0:04:37]} Rg4 {[%emt 0:02:32]} 29. fxg6 {[%emt 0:03:25]} fxg6 {[%emt 0:00:17]} 30. Rde1 {[%emt 0:16:57]} Ne4 {[%emt 0:07:48]} 1/2-1/2

[Event "11th Dolomiti Open 2020"]
[Site "Forni di Sopra"]
[Date "2020.10.03"]
[Round "9.4"]
[White "Gumularz, Szymon"]
[Black "Blohberger, Felix"]
[Result "1/2-1/2"]
[WhiteElo "2518"]
[BlackElo "2467"]
[Annotator "ChessBase"]
[PlyCount "75"]
[EventDate "2020.09.26"]
[EventType "swiss"]
[EventCountry "ITA"]
[SourceTitle "playchess.com"]
[Source "ChessBase"]
[SourceQuality "1"]
[TimeControl "40/5400+30:1800+30"]

1. Nf3 {[%emt 0:00:00]} Nf6 {[%emt 0:00:00]} 2. g3 {[%emt 0:01:02]} g6 {[%emt 0:00:00]} 3. b3 {[%emt 0:01:28]} Bg7 {[%emt 0:01:27]} 4. Bb2 {[%emt 0:00:04]} d6 {[%emt 0:00:27]} 5. d4 {[%emt 0:00:05]} c5 {[%emt 0:00:13]} 6. Bg2 {[%emt 0:04:20]} Qa5+ {[%emt 0:03:45]} 7. Qd2 {[%emt 0:07:22]} Qxd2+ {[%emt 0:00:36]} 8. Nbxd2 {[%emt 0:00:16]} Nfd7 {[%emt 0:01:01]} 9. O-O-O {[%emt 0:08:00]} Nc6 {[%emt 0:00:06]} 10. Nc4 {[%emt 0:07:16]} Rb8 {[%emt 0:07:09]} 11. d5 {[%emt 0:04:04]} Bxb2+ {[%emt 0:00:40]} 12. Kxb2 {[%emt 0:00:04]} Nce5 {[%emt 0:00:08]} 13. Nfxe5 {[%emt 0:03:46]} Nxe5 {[%emt 0:01:47]} 14. Nxe5 {[%emt 0:02:40]} dxe5 {[%emt 0:00:09]} 15. d6 {[%emt 0:18:13]} exd6 {[%emt 0:10:41]} 16. Rxd6 {[%emt 0:00:05]} Be6 {[%emt 0:00:22]} 17. Rhd1 {[%emt 0:00:40]} Ke7 {[%emt 0:01:24]} 18. R6d2 {[%emt 0:02:34]} b6 {[%emt 0:05:57]} 19. Bd5 {[%emt 0:00:18]} Rhd8 {[%emt 0:21:27]} 20. c4 {[%emt 0:01:48]} Bxd5 {[%emt 0:02:37]} 21. Rxd5 {[%emt 0:00:29]} Rxd5 {[%emt 0:03:17]} 22. Rxd5 {[%emt 0:00:06]} f6 {[%emt 0:02:06]} 23. Kc3 {[%emt 0:05:49]} Rd8 {[%emt 0:00:33]} 24. e4 {[%emt 0:01:57]} Rxd5 {[%emt 0:07:55]} 25. exd5 {[%emt 0:02:04]} f5 {[%emt 0:00:57]} 26. f3 {[%emt 0:05:06]} Kd6 {[%emt 0:00:41]} 27. Kd3 {[%emt 0:00:07]} Ke7 {[%emt 0:00:31]} 28. Ke3 {[%emt 0:01:25]} Kd6 {[%emt 0:00:19]} 29. Kf2 {[%emt 0:00:04]} Ke7 {[%emt 0:00:12]} 30. Kg2 {[%emt 0:14:33]} Kd6 {[%emt 0:00:40]} 31. Kh3 {[%emt 0:00:25]} Ke7 {[%emt 0:00:24]} 32. Kh4 {[%emt 0:00:52]} h6 {[%emt 0:00:18]} 33. Kh3 {[%emt 0:00:06]} Kd6 {[%emt 0:00:06]} 34. Kg2 {[%emt 0:00:05]} Ke7 {[%emt 0:00:09]} 35. a4 {[%emt 0:00:20]} a5 {[%emt 0:00:17]} 36. g4 {[%emt 0:03:13]} Kd6 {[%emt 0:00:53]} 37. h4 {[%emt 0:03:18]} h5 {[%emt 0:00:11]} 38. gxh5 {[%emt 0:00:06]} 1/2-1/2

[Event "11th Dolomiti Open 2020"]
[Site "Forni di Sopra"]
[Date "2020.10.03"]
[Round "9.5"]
[White "Tencati, Giuseppe"]
[Black "Cumming, Rhys"]
[Result "0-1"]
[WhiteElo "2095"]
[BlackElo "2299"]
[Annotator "ChessBase"]
[PlyCount "47"]
[EventDate "2020.09.26"]
[EventType "swiss"]
[EventCountry "ITA"]
[SourceTitle "playchess.com"]
[Source "ChessBase"]
[SourceQuality "1"]
[TimeControl "40/5400+30:1800+30"]

1. e4 {[%emt 0:00:00]} e5 {[%emt 0:08:12]} 2. Nf3 {[%emt 0:00:00]} Nc6 {[%emt 0:00:03]} 3. d4 {[%emt 0:00:00]} exd4 {[%emt 0:00:04]} 4. Nxd4 {[%emt 0:00:00]} Nf6 {[%emt 0:00:03]} 5. Nxc6 {[%emt 0:00:21]} bxc6 {[%emt 0:00:09]} 6. e5 {[%emt 0:00:18]} Qe7 {[%emt 0:00:04]} 7. Qe2 {[%emt 0:00:09]} Nd5 {[%emt 0:00:07]} 8. c4 {[%emt 0:00:13]} Nb6 {[%emt 0:00:30]} 9. Nc3 {[%emt 0:01:01]} Ba6 {[%emt 0:00:05]} 10. b3 {[%emt 0:30:20]} O-O-O {[%emt 0:00:24]} 11. Bb2 {[%emt 0:24:28]} Re8 {[%emt 0:00:20]} 12. f4 {[%emt 0:01:53]} f6 {[%emt 0:02:20]} 13. Ne4 {[%emt 0:07:21]} fxe5 {[%emt 0:00:20]} 14. fxe5 {[%emt 0:00:10]} d5 {[%emt 0:00:18]} 15. Nd2 {[%emt 0:00:53]} g6 {[%emt 0:01:32]} 16. O-O-O {[%emt 0:00:41]} Bg7 {[%emt 0:02:07]} 17. Re1 {[%emt 0:00:57]} c5 {[%emt 0:12:56]} 18. Qg4+ {[%emt 0:00:50]} Kb8 {[%emt 0:02:19]} 19. cxd5 {[%emt 0:00:28]} Bxf1 {[%emt 0:00:19]} 20. Rhxf1 {[%emt 0:00:09]} Nxd5 {[%emt 0:00:16]} 21. Kb1 {[%emt 0:02:49]} Rhf8 {[%emt 0:05:52]} 22. Nc4 {[%emt 0:03:22]} Rf7 {[%emt 1:02:40]} 23. Rf2 Rxf2 {[%emt 0:00:00]} 24. Rf1 {[%emt 0:00:39]} 0-1